[Event "Open A Zadar 2016"]
[Site "Zadar"]
[Date "2016.12.11"]
[Round "1.25"]
[White "Muha, Miljenko"]
[Black "Plenca, Julijan"]
[Result "0-1"]
[WhiteElo "2258"]
[BlackElo "2411"]
[PlyCount "116"]
[EventDate "2016.12.11"]
[EventCountry "CRO"]

1. c4 Nf6 2. Nc3 e5 3. a3 c5 4. e3 Nc6 5. Qc2 g6 6. Nf3 Bg7 7. Be2 O-O 8. O-O
Re8 9. d3 d5 10. cxd5 Nxd5 11. Nxd5 Qxd5 12. Rb1 b6 13. b4 cxb4 14. axb4 Bb7
15. b5 Na5 16. e4 Qd8 17. Bd2 Bc8 18. Bxa5 bxa5 19. Nd2 Be6 20. Nc4 Rc8 21. Qa2
Bxc4 22. dxc4 Bf8 23. Bg4 Rb8 24. Rbd1 Qb6 25. Bd7 Red8 26. Bc6 Rxd1 27. Rxd1
Rd8 28. Bd5 Bc5 29. Rd3 Rd6 30. Rf3 Rf6 31. Kf1 Rxf3 32. gxf3 Kg7 33. Bc6 Qd8
34. Qb2 Qd1+ 35. Kg2 Bd4 36. Qa2 Qe1 37. c5 Bxc5 38. Bd5 f6 39. Bg8 Kh6 40. h4
Bd4 41. Bc4 Kh5 42. Qe2 Qxe2 43. Bxe2 Kxh4 44. Bd1 Kg5 45. Kg3 h5 46. Bc2 h4+
47. Kh2 Kf4 48. Bd1 Bb6 49. Kg1 a4 50. Bxa4 Kxf3 51. Bd1+ Kxe4 52. Bc2+ Kf3 53.
Bxg6 Bxf2+ 54. Kf1 Bb6 55. Bf5 e4 56. Ke1 Kf4 57. Bh3 f5 58. Ke2 Ke5 0-1

[Event "Open A Zadar 2016"]
[Site "Zadar"]
[Date "2016.12.11"]
[Round "1.26"]
[White "Schnider, Gert"]
[Black "Krstulovic, Alex"]
[Result "1-0"]
[WhiteElo "2407"]
[BlackElo "2258"]
[PlyCount "79"]
[EventDate "2016.12.11"]
[EventCountry "CRO"]

1. e4 e5 2. Nf3 Nc6 3. Bb5 a6 4. Bxc6 dxc6 5. O-O Bd6 6. d4 exd4 7. Qxd4 f6 8.
Be3 Ne7 9. Nbd2 Be6 10. Qc3 Ng6 11. Nc4 Bxc4 12. Qxc4 Qe7 13. Rfe1 Qf7 14. Nd2
Ne5 15. Qb3 Qxb3 16. Nxb3 Ng4 17. h3 Nxe3 18. Rxe3 O-O-O 19. Kf1 Be5 20. c3 b6
21. Ree1 a5 22. a4 g5 23. Rad1 Rhe8 24. Ke2 h5 25. Kf3 c5 26. Rxd8+ Rxd8 27.
Ke2 c6 28. Ra1 h4 29. Nd2 Kc7 30. Nf1 Bf4 31. Rd1 Rxd1 32. Kxd1 c4 33. g3 hxg3
34. fxg3 Be5 35. h4 gxh4 36. gxh4 Bf4 37. Ke2 Kd6 38. Ne3 b5 39. Kf3 Bh2 40.
Nf5+ 1-0

[Event "Open A Zadar 2016"]
[Site "Zadar"]
[Date "2016.12.11"]
[Round "1.27"]
[White "Jusic, Zdenko"]
[Black "Djurovic, Goran"]
[Result "0-1"]
[WhiteElo "2257"]
[BlackElo "2396"]
[PlyCount "115"]
[EventDate "2016.12.11"]
[EventCountry "CRO"]

1. e4 c5 2. Nf3 d6 3. d4 cxd4 4. Nxd4 Nf6 5. Nc3 a6 6. h3 e5 7. Nf3 h6 8. g4
Qc7 9. g5 hxg5 10. Bxg5 Nbd7 11. Qe2 b5 12. O-O-O Bb7 13. Nd5 Bxd5 14. exd5 Be7
15. Rg1 Kf8 16. Be3 Nb6 17. Bxb6 Qxb6 18. Ng5 Nh5 19. Kb1 Nf4 20. Qg4 g6 21.
Rg3 Qxf2 22. Bd3 Bxg5 23. Rf1 Qh2 24. Qxg5 Rh5 25. Qg4 f5 26. Rxf4 exf4 27.
Qxf4 Qh1+ 28. Bf1 Qxd5 29. Rd3 Qe5 30. Qb4 Qc5 31. Qd2 Rd8 32. Rg3 Kg7 33. Be2
Rh6 34. Re3 d5 35. b4 Qa7 36. Rc3 d4 37. Rc6 Qe7 38. Bd3 Rd6 39. Rc8 Rxh3 40.
Bxf5 Rh1+ 41. Kb2 Qe1 42. Qxe1 Rxe1 43. Rc7+ Kf6 44. Bd3 Re7 45. Rc5 Re5 46.
Bxg6 Rxc5 47. bxc5 Rc6 48. Bd3 Ke5 49. Kb3 Rxc5 50. Bh7 Rc4 51. a3 a5 52. Kb2
Kf4 53. Bd3 Rc5 54. Bg6 Ke3 55. Bd3 Kd2 56. Bg6 b4 57. axb4 Rb5 58. Ka3 0-1

[Event "Open A Zadar 2016"]
[Site "Zadar"]
[Date "2016.12.11"]
[Round "1.28"]
[White "Halvax, Georg"]
[Black "De Francesco, Klaus"]
[Result "1-0"]
[WhiteElo "2395"]
[BlackElo "2257"]
[PlyCount "81"]
[EventDate "2016.12.11"]
[EventCountry "CRO"]

1. Nf3 Nf6 2. g3 d5 3. Bg2 Nbd7 4. O-O e5 5. d3 Bd6 6. Nc3 O-O 7. e4 dxe4 8.
dxe4 a6 9. a4 Re8 10. Nh4 Nc5 11. Be3 Ne6 12. Nf5 Bc5 13. Nd5 c6 14. Nxf6+ Qxf6
15. c3 Bf8 16. Qe2 Nc5 17. b4 Nxe4 18. Nh6+ gxh6 19. Bxe4 Bg7 20. Qc2 Bh3 21.
Rfe1 Qe6 22. Bxh7+ Kh8 23. Bd3 Rad8 24. Rad1 f5 25. c4 Bg4 26. Be2 f4 27. Bb6
Rxd1 28. Qxd1 Bxe2 29. Qxe2 Rf8 30. f3 h5 31. Kg2 Bf6 32. Qe4 Rg8 33. Qxf4 Rg6
34. Qe4 Qf7 35. Rd1 Rg7 36. Bd8 h4 37. Rd6 Be7 38. Bxe7 Qxe7 39. Rh6+ Kg8 40.
Qxh4 Qxb4 41. Qd8+ 1-0

[Event "Open A Zadar 2016"]
[Site "Zadar"]
[Date "2016.12.11"]
[Round "1.29"]
[White "Bubalovic, Davorin"]
[Black "Jakic, Ivan"]
[Result "0-1"]
[WhiteElo "2229"]
[BlackElo "2380"]
[PlyCount "96"]
[EventDate "2016.12.11"]
[EventCountry "CRO"]

1. e4 c5 2. Nf3 d6 3. d4 cxd4 4. Nxd4 Nf6 5. Nc3 a6 6. h3 e5 7. Nde2 h5 8. g3
Be6 9. Bg2 Be7 10. Bg5 Nbd7 11. a4 Rc8 12. O-O Qb6 13. Qd2 Qb4 14. Rfd1 O-O 15.
Qe3 Rfd8 16. Kh2 Nb6 17. Bxf6 Bxf6 18. Qd3 h4 19. Nd5 Bxd5 20. exd5 Nxa4 21.
Qf5 Qc4 22. Bf3 Nb6 23. Nc3 Be7 24. gxh4 Qxh4 25. Rg1 Qf4+ 26. Qxf4 exf4 27.
Be4 Nc4 28. Bf5 Rc7 29. Ne2 Bf6 30. h4 Bxb2 31. Rad1 Be5 32. Kg2 g6 33. Kf3 Kf8
34. Be4 Nb2 35. Rb1 Nc4 36. Rbd1 Re8 37. Nxf4 Bc3 38. Bd3 Ne5+ 39. Kg2 Nxd3 40.
cxd3 Be5 41. Nh3 Bf6 42. h5 gxh5 43. Nf4 Re5 44. Kf3 Bg5 45. Nxh5 Rxd5 46. Ke2
Rc3 47. f4 Bd8 48. Rg3 a5 0-1

[Event "Open A Zadar 2016"]
[Site "Zadar"]
[Date "2016.12.11"]
[Round "1.30"]
[White "Markoja, Boris"]
[Black "Sahil, Tickoo"]
[Result "1-0"]
[WhiteElo "2366"]
[BlackElo "2165"]
[PlyCount "55"]
[EventDate "2016.12.11"]
[EventCountry "CRO"]

1. d4 Nf6 2. Nf3 c5 3. d5 b5 4. e4 Bb7 5. Bxb5 Qa5+ 6. Nc3 Nxe4 7. Qd3 Nxc3 8.
bxc3 a6 9. Bc4 g6 10. O-O Bg7 11. Rb1 Ra7 12. Re1 Bf6 13. Bg5 O-O 14. Rxe7 Qxc3
15. Qxc3 Bxc3 16. Re3 Bg7 17. Reb3 Nc6 18. dxc6 Bxc6 19. Be7 Rc8 20. Rb8 Ra8
21. Rxc8+ Rxc8 22. Bd6 Bf8 23. Bxf8 Kxf8 24. Ne5 f6 25. Nxc6 Rxc6 26. Bd5 Rd6
27. c4 f5 28. f4 1-0

[Event "Open A Zadar 2016"]
[Site "Zadar"]
[Date "2016.12.12"]
[Round "2.2"]
[White "Stevic, Hrvoje"]
[Black "Plenca, Jadranko"]
[Result "1-0"]
[WhiteElo "2600"]
[BlackElo "2415"]
[PlyCount "87"]
[EventDate "2016.12.11"]
[EventCountry "CRO"]

1. e4 e5 2. Nf3 Nc6 3. Bb5 a6 4. Ba4 Nf6 5. Nc3 Bb4 6. Nd5 Ba5 7. O-O O-O 8. d3
h6 9. c3 b5 10. Bc2 d6 11. b4 Bb6 12. Nxb6 cxb6 13. a4 bxa4 14. Bxa4 Bb7 15.
Re1 Nh5 16. Bxc6 Bxc6 17. Nxe5 dxe5 18. Qxh5 Qxd3 19. Bxh6 Qd6 20. Bg5 f6 21.
Be3 Qe6 22. Qf5 Qxf5 23. exf5 b5 24. f3 Rfd8 25. Kf2 Kf7 26. h4 Rd3 27. Rec1
Bd5 28. Rd1 Rxd1 29. Rxd1 Rd8 30. h5 Ke8 31. Bc5 Kf7 32. g4 Rd7 33. Ke3 Bc6 34.
Bd6 Rd8 35. Rd2 Bb7 36. f4 exf4+ 37. Kxf4 Bc6 38. Rd4 Bb7 39. g5 fxg5+ 40. Kxg5
Bc8 41. Be5 Re8 42. Rd5 Re7 43. Rc5 Bd7 44. Bxg7 1-0

[Event "Open A Zadar 2016"]
[Site "Zadar"]
[Date "2016.12.12"]
[Round "2.3"]
[White "Saric, Ante"]
[Black "Plenca, Julijan"]
[Result "1-0"]
[WhiteElo "2547"]
[BlackElo "2411"]
[PlyCount "91"]
[EventDate "2016.12.11"]
[EventCountry "CRO"]

1. Nf3 Nf6 2. c4 g6 3. Nc3 Bg7 4. e4 d6 5. d4 O-O 6. Be2 e5 7. dxe5 dxe5 8.
Qxd8 Rxd8 9. Bg5 c6 10. Nxe5 Re8 11. O-O-O Na6 12. Rd6 Be6 13. Nf3 Ng4 14. Nd2
h6 15. Bh4 g5 16. Bg3 Ne5 17. h4 Rad8 18. Rxd8 Rxd8 19. hxg5 hxg5 20. Rh5 Ng6
21. Nf3 Bg4 22. Rh1 Bxc3 23. bxc3 Nc5 24. Re1 Nxe4 25. Nxg5 Bxe2 26. Nxe4 Bxc4
27. Nd6 Bxa2 28. Nxb7 Rd7 29. Re8+ Kg7 30. Nd6 Be6 31. f3 a5 32. Ne4 Bd5 33.
Nd6 Be6 34. Ra8 f5 35. Bh2 Kf6 36. Rxa5 Rd8 37. Kc2 Nh4 38. Be5+ Ke7 39. Bf4
Rg8 40. g3 Ng2 41. Nxf5+ Kf6 42. Nd4 Bd5 43. Kd2 Rd8 44. Bg5+ Kxg5 45. Ne6+ Kf6
46. Nxd8 1-0

[Event "Open A Zadar 2016"]
[Site "Zadar"]
[Date "2016.12.12"]
[Round "2.4"]
[White "Djurovic, Goran"]
[Black "Bai, Jinshi"]
[Result "0-1"]
[WhiteElo "2396"]
[BlackElo "2544"]
[PlyCount "86"]
[EventDate "2016.12.11"]
[EventCountry "CRO"]

1. b3 e5 2. c4 Nc6 3. Bb2 g6 4. g3 Bg7 5. Bg2 Nge7 6. Nc3 O-O 7. d3 f5 8. Nd5
d6 9. a3 Nxd5 10. Bxd5+ Kh8 11. Bg2 Qe7 12. Qc2 Bd7 13. b4 Rae8 14. b5 Nd8 15.
Nf3 e4 16. Nd4 c5 17. bxc6 bxc6 18. O-O e3 19. f4 c5 20. Nf3 Ne6 21. Rab1 Rb8
22. Bc3 Bc6 23. Rb2 Bxf3 24. Bxf3 Rb6 25. Rfb1 Rfb8 26. Kg2 Bxc3 27. Rxb6 Rxb6
28. Qxc3+ Nd4 29. Rxb6 axb6 30. Qb2 Qa7 31. Bd5 Qa5 32. Bf3 Kg7 33. Qc1 Qd2 34.
Qf1 Qb2 35. a4 Qc2 36. g4 Qxa4 37. Qg1 fxg4 38. Bxg4 Qc6+ 39. Kh3 Qe8 40. Qg2
Qe7 41. Qd5 h5 42. Bf3 Nf5 43. Kg2 Qh4 0-1

[Event "Open A Zadar 2016"]
[Site "Zadar"]
[Date "2016.12.12"]
[Round "2.5"]
[White "Sebenik, Matej"]
[Black "Schnider, Gert"]
[Result "1-0"]
[WhiteElo "2541"]
[BlackElo "2407"]
[PlyCount "59"]
[EventDate "2016.12.11"]
[EventCountry "CRO"]

1. Nf3 Nf6 2. g3 d5 3. Bg2 g6 4. c4 c5 5. cxd5 Nxd5 6. d4 Bg7 7. e4 Nb6 8. d5
O-O 9. O-O e6 10. Bg5 Qd7 11. Nc3 exd5 12. exd5 Bxc3 13. bxc3 Qxd5 14. a4 Be6
15. Qc1 Nc6 16. a5 Nc4 17. a6 Bg4 18. Nd4 Nxd4 19. cxd4 Qxd4 20. axb7 Rab8 21.
Ra4 Be6 22. Rd1 Qg4 23. h3 Qe2 24. Re1 Qd3 25. Rxe6 fxe6 26. Rxc4 e5 27. Rxc5
e4 28. Rc7 Qe2 29. Bf4 Rbd8 30. Qc4+ 1-0

[Event "Open A Zadar 2016"]
[Site "Zadar"]
[Date "2016.12.12"]
[Round "2.6"]
[White "Stefanov, Emil"]
[Black "Halvax, Georg"]
[Result "0-1"]
[WhiteElo "2484"]
[BlackElo "2395"]
[PlyCount "98"]
[EventDate "2016.12.11"]
[EventCountry "CRO"]

1. d4 d5 2. c4 e6 3. Nf3 Nf6 4. g3 g6 5. Bg2 Bg7 6. O-O O-O 7. Nc3 Nc6 8. e3 a5
9. b3 b6 10. Ba3 Nb4 11. Ne5 Bb7 12. Rc1 Ne4 13. Qe2 Nxc3 14. Rxc3 c5 15. Rd1
Qc7 16. f4 Rfd8 17. cxd5 exd5 18. Rdc1 Rac8 19. Bh3 f5 20. g4 Bxe5 21. fxe5
fxg4 22. Bxg4 Ra8 23. Bxb4 axb4 24. R3c2 Qe7 25. Qf2 Bc8 26. Qg3 Bxg4 27. Qxg4
Rac8 28. Rf1 c4 29. bxc4 dxc4 30. Rf6 b5 31. Rg2 Kh8 32. Re6 Qg7 33. Qh4 g5 34.
Qe4 c3 35. Qb1 Rf8 36. h4 g4 37. Qe4 g3 38. h5 Rf2 39. Rc6 Rcf8 40. Rf6 c2 41.
Qc6 Qg5 42. Rgxf2 gxf2+ 43. Kxf2 Rg8 44. Ke2 Qg1 45. Rg6 hxg6 46. Qf6+ Kh7 47.
hxg6+ Qxg6 48. Qh4+ Qh6 49. Qe4+ Kh8 0-1

[Event "Open A Zadar 2016"]
[Site "Zadar"]
[Date "2016.12.12"]
[Round "2.7"]
[White "Jovanic, Ognjen"]
[Black "Jakic, Ivan"]
[Result "1-0"]
[WhiteElo "2477"]
[BlackElo "2380"]
[PlyCount "125"]
[EventDate "2016.12.11"]
[EventCountry "CRO"]

1. d4 Nf6 2. c4 Nc6 3. Nf3 e6 4. e3 d6 5. Nc3 g6 6. d5 Ne7 7. e4 Bg7 8. Bd3 O-O
9. O-O c6 10. dxe6 Bxe6 11. Ng5 Bg4 12. Be2 Bxe2 13. Qxe2 h6 14. Nf3 Nd7 15.
Bf4 Nc8 16. Rad1 Re8 17. Qd2 g5 18. Bg3 Qa5 19. Nd4 Ne5 20. b3 Ng6 21. Qc2 Nf4
22. Nce2 Qe5 23. f3 Ne7 24. Rfe1 Rad8 25. Bf2 a6 26. Ng3 h5 27. Ndf5 Nxf5 28.
Nxf5 Qc3 29. Qxc3 Bxc3 30. Re3 Bb4 31. Kf1 Re5 32. g3 Ne6 33. Red3 g4 34. fxg4
hxg4 35. Nh6+ Kg7 36. Nxg4 Rxe4 37. Ne3 Rh8 38. h4 Kg6 39. Nc2 Bc5 40. Be1 Rh5
41. Rf3 d5 42. cxd5 cxd5 43. Bf2 Bf8 44. Rfd3 Nc7 45. Ne3 Bc5 46. Nxd5 Bxf2 47.
Kxf2 Ne6 48. Rf3 Rhe5 49. Re3 Rf5+ 50. Nf4+ Rexf4+ 51. gxf4 Rxf4+ 52. Kg3 Rb4
53. Rf1 Ng7 54. Kh3 Nf5 55. h5+ Kf6 56. Kh2 Kg5 57. Rh3 Nh6 58. Kg2 f5 59. Rg3+
Kxh5 60. Rh1+ Rh4 61. Rxh4+ Kxh4 62. Rg7 b5 63. Kf3 1-0

[Event "Open A Zadar 2016"]
[Site "Zadar"]
[Date "2016.12.12"]
[Round "2.8"]
[White "Swayams, Mishra"]
[Black "Markoja, Boris"]
[Result "1/2-1/2"]
[WhiteElo "2473"]
[BlackElo "2366"]
[PlyCount "29"]
[EventDate "2016.12.11"]
[EventCountry "CRO"]

1. d4 e6 2. c4 Nf6 3. Nc3 Bb4 4. f3 O-O 5. a3 Bxc3+ 6. bxc3 Nh5 7. Nh3 f5 8.
Nf2 Nc6 9. e4 b6 10. Bd3 Ba6 11. O-O Na5 12. exf5 exf5 13. c5 Bxd3 14. Nxd3 d6
15. cxb6 1/2-1/2

[Event "Open A Zadar 2016"]
[Site "Zadar"]
[Date "2016.12.12"]
[Round "2.9"]
[White "Xu, Xiangyu"]
[Black "Zelic, Mladen"]
[Result "1-0"]
[WhiteElo "2467"]
[BlackElo "2305"]
[PlyCount "59"]
[EventDate "2016.12.11"]
[EventCountry "CRO"]

1. Nf3 f5 2. d4 Nf6 3. g3 g6 4. Bg2 Bg7 5. c4 O-O 6. O-O d6 7. Nc3 Nc6 8. d5
Na5 9. b3 c5 10. Bb2 a6 11. a4 Qb6 12. Nd2 e5 13. dxe6 Bxe6 14. Rb1 Rad8 15. e4
fxe4 16. Ncxe4 d5 17. cxd5 Bxd5 18. Qc2 Nxe4 19. Nxe4 Qxb3 20. Qxc5 Bxb2 21.
Qxa5 b6 22. Qxa6 Bxe4 23. Bxe4 Rd2 24. a5 b5 25. Qb7 Kh8 26. a6 Qa2 27. a7 Rdd8
28. Rbd1 Rde8 29. Rd7 Rxe4 30. Qxe4 1-0

[Event "Open A Zadar 2016"]
[Site "Zadar"]
[Date "2016.12.12"]
[Round "2.10"]
[White "Burovic, Rijad"]
[Black "Kreisl, Robert"]
[Result "1/2-1/2"]
[WhiteElo "2302"]
[BlackElo "2436"]
[PlyCount "20"]
[EventDate "2016.12.11"]
[EventCountry "CRO"]

1. e4 c6 2. d4 d5 3. e5 Bf5 4. h4 h6 5. g4 Bd7 6. h5 c5 7. c3 Nc6 8. Bh3 Qa5 9.
Kf1 e6 10. Ne2 Qb6 1/2-1/2

[Event "Open A Zadar 2016"]
[Site "Zadar"]
[Date "2016.12.12"]
[Round "2.11"]
[White "Glavas, Dragan"]
[Black "Brkic, Ante"]
[Result "0-1"]
[WhiteElo "2286"]
[BlackElo "2569"]
[PlyCount "50"]
[EventDate "2016.12.11"]
[EventCountry "CRO"]

1. d4 Nf6 2. c4 e6 3. Nc3 Bb4 4. e3 O-O 5. Nf3 d5 6. Bd3 c5 7. cxd5 exd5 8.
dxc5 Nbd7 9. Bd2 Nxc5 10. Be2 Ne6 11. a3 Be7 12. O-O a6 13. Bc1 b5 14. b4 Bb7
15. Nd4 Bd6 16. Bb2 Rc8 17. Bg4 Nxg4 18. Qxg4 Nxd4 19. Qxd4 Rc4 20. Qd2 d4 21.
exd4 Rxd4 22. Qe3 Qh4 23. h3 Rg4 24. Rfd1 Bxg2 25. f3 Bh2+ 0-1

[Event "Open A Zadar 2016"]
[Site "Zadar"]
[Date "2016.12.12"]
[Round "2.12"]
[White "Nikolic, Predrag"]
[Black "Polok, Kacper"]
[Result "1-0"]
[WhiteElo "2615"]
[BlackElo "2299"]
[PlyCount "55"]
[EventDate "2016.12.11"]
[EventCountry "CRO"]

1. d4 Nf6 2. c4 g6 3. g3 Bg7 4. Bg2 O-O 5. Nc3 d6 6. Nf3 Nc6 7. O-O a6 8. Bg5
Rb8 9. Rc1 Bd7 10. Qd2 b5 11. cxb5 axb5 12. d5 b4 13. Bxf6 Bxf6 14. Ne4 Na5 15.
Nxf6+ exf6 16. Nd4 Re8 17. a3 Ba4 18. axb4 Nb3 19. Nxb3 Bxb3 20. e4 Rb7 21. f4
Qb8 22. Qc3 Ba4 23. Qxf6 Rxb4 24. f5 Rf8 25. Rf2 Qb6 26. fxg6 hxg6 27. h4 Qe3
28. Rxc7 1-0

[Event "Open A Zadar 2016"]
[Site "Zadar"]
[Date "2016.12.12"]
[Round "2.13"]
[White "Bilobrk, Franjo"]
[Black "Zelcic, Robert"]
[Result "0-1"]
[WhiteElo "2354"]
[BlackElo "2496"]
[PlyCount "70"]
[EventDate "2016.12.11"]
[EventCountry "CRO"]

1. Nf3 Nf6 2. c4 e6 3. g3 d5 4. Bg2 d4 5. b4 Bxb4 6. Qa4+ Nc6 7. Ne5 Rb8 8.
Nxc6 bxc6 9. Bxc6+ Bd7 10. O-O O-O 11. d3 Bxc6 12. Qxc6 Rb6 13. Qa4 Nd7 14. Qc2
e5 15. Bd2 Bc5 16. Bc1 f5 17. Nd2 Re8 18. Rb1 Rbe6 19. Nb3 Bf8 20. c5 Kh8 21.
Bd2 Nb8 22. e4 f4 23. f3 Rg6 24. Be1 fxg3 25. Bxg3 Be7 26. Kh1 Bh4 27. Qf2 Bxg3
28. hxg3 Nd7 29. Kg2 Rf8 30. Qe1 Qg5 31. Rh1 Nf6 32. Rh3 Nh5 33. Kh2 Nf4 34.
Rh4 Nxd3 35. Qg1 Rgf6 0-1

[Event "Open A Zadar 2016"]
[Site "Zadar"]
[Date "2016.12.12"]
[Round "2.14"]
[White "Mesaros, Florian"]
[Black "Stopa, Jacek"]
[Result "0-1"]
[WhiteElo "2334"]
[BlackElo "2479"]
[PlyCount "90"]
[EventDate "2016.12.11"]
[EventCountry "CRO"]

1. Nf3 f5 2. d4 Nf6 3. g3 g6 4. Bg2 Bg7 5. O-O O-O 6. b3 d6 7. Bb2 Ne4 8. Nbd2
Nc6 9. Ne1 Nxd2 10. Qxd2 e5 11. Bxc6 bxc6 12. dxe5 dxe5 13. Qc3 Qd7 14. Nd3 Re8
15. Rad1 e4 16. Qc4+ Qf7 17. Qxc6 exd3 18. Bxg7 Kxg7 19. Rxd3 Rb8 20. Rfd1 Rb6
21. Qc3+ Kg8 22. Rd8 Rbe6 23. e3 h5 24. h4 a6 25. a4 Kh7 26. Qc4 Kg7 27. Qc3+
Kg8 28. R1d3 R6e7 29. Qc6 Kg7 30. Qa8 Qe6 31. Qb8 Kf7 32. R3d4 Bd7 33. Qxc7
Bxa4 34. Qc3 Rxd8 35. Rxd8 Be8 36. Qh8 Qe5 37. Qh6 Qg7 38. Qf4 Qc3 39. Rd6 Re6
40. Kh2 Qxc2 41. Rd8 Qc3 42. Ra8 Kg7 43. Qb8 Qb2 44. Kg2 Bc6+ 45. Kh3 Bxa8 0-1

[Event "Open A Zadar 2016"]
[Site "Zadar"]
[Date "2016.12.12"]
[Round "2.15"]
[White "Bao, Qilin"]
[Black "Dragnev, Valentin"]
[Result "1/2-1/2"]
[WhiteElo "2331"]
[BlackElo "2475"]
[PlyCount "159"]
[EventDate "2016.12.11"]
[EventCountry "CRO"]

1. Nf3 c5 2. g3 Nc6 3. Bg2 g6 4. c4 Bg7 5. Nc3 d6 6. O-O Bf5 7. b3 Qd7 8. Bb2
Bh3 9. e3 h5 10. Bxh3 Qxh3 11. d4 Nh6 12. Nd5 O-O 13. Qe2 Qg4 14. Kg2 Rad8 15.
Rad1 Qc8 16. dxc5 dxc5 17. Bxg7 Kxg7 18. Qb2+ f6 19. Rd2 e6 20. Nf4 e5 21. Rxd8
Rxd8 22. Nd5 Nf7 23. Rd1 Qf5 24. Nh4 Qe6 25. Nc7 Qe7 26. Nd5 Qe6 27. Qb1 f5 28.
Nf3 Rd7 29. h4 Ne7 30. e4 fxe4 31. Qxe4 Qf5 32. Qe3 e4 33. Ng5 Nxd5 34. cxd5
Nxg5 35. hxg5 Rxd5 36. Qc3+ Kh7 37. Rxd5 Qxd5 38. Qf6 e3+ 39. Kh2 exf2 40. Qxf2
b5 41. b4 cxb4 42. Qxa7+ Kg8 43. Qb8+ Kg7 44. Qc7+ Qf7 45. Qe5+ Kh7 46. Qe2 Qa7
47. Qd2 Qe7 48. Qd5 Qa7 49. Kh3 Kg7 50. Qe5+ Kg8 51. Qe8+ Kg7 52. Qe5+ Kg8 53.
Qe8+ Kh7 54. Qxb5 Qxa2 55. Qxb4 Qe6+ 56. Kh4 Qd7 57. Qe4 Kg7 58. Qe5+ Kg8 59.
Qe4 Kf7 60. Qf4+ Kg7 61. Qe5+ Kh7 62. Qe4 Qf7 63. Qf4 Qb7 64. Qf1 Qe4+ 65. Kh3
Qf5+ 66. Kg2 Qxf1+ 67. Kxf1 Kg8 68. Kf2 Kf8 69. Ke2 Ke8 70. Kd2 Kd8 71. Ke2 Kc8
72. Ke3 Kd7 73. Kd3 Ke7 74. Ke3 Kd6 75. Kd4 Ke6 76. Ke4 Kd6 77. Kd4 Ke6 78. Ke4
Kd6 79. Kd4 Ke6 80. Ke4 1/2-1/2

[Event "Open A Zadar 2016"]
[Site "Zadar"]
[Date "2016.12.12"]
[Round "2.16"]
[White "Klekowski , Maciej"]
[Black "Reich, Thomas"]
[Result "1-0"]
[WhiteElo "2448"]
[BlackElo "2362"]
[PlyCount "67"]
[EventDate "2016.12.11"]
[EventCountry "CRO"]

1. c4 Nf6 2. Nc3 g6 3. g3 Bg7 4. Bg2 O-O 5. d4 d6 6. Nf3 Nc6 7. O-O Bf5 8. b3
Ne4 9. Nd5 Bd7 10. Bb2 e5 11. dxe5 dxe5 12. Qc2 f5 13. Rad1 Re8 14. a3 Qc8 15.
b4 Kh8 16. b5 Na5 17. Nxe5 Rxe5 18. Bxe4 fxe4 19. Qc3 Nxc4 20. Qxc4 Bxb5 21.
Qxb5 c6 22. Qb3 Rxd5 23. Rxd5 cxd5 24. Bxg7+ Kxg7 25. Qxd5 Qc6 26. Qd4+ Kf7 27.
Qe3 Re8 28. Rc1 Qd5 29. Qxa7 Re7 30. Qe3 Kg7 31. f4 h5 32. Rc5 Qd1+ 33. Kg2 Qb1
34. Qd4+ 1-0

[Event "Open A Zadar 2016"]
[Site "Zadar"]
[Date "2016.12.12"]
[Round "2.17"]
[White "Rezan, Sasa"]
[Black "Guttenthaler, Franz"]
[Result "1/2-1/2"]
[WhiteElo "2437"]
[BlackElo "2268"]
[PlyCount "54"]
[EventDate "2016.12.11"]
[EventCountry "CRO"]

1. d4 Nf6 2. c4 e6 3. Nc3 Bb4 4. e3 O-O 5. Nge2 Re8 6. a3 Bf8 7. d5 exd5 8.
cxd5 b6 9. g3 a5 10. Bg2 Na6 11. Rb1 Nc5 12. b4 axb4 13. axb4 Nce4 14. O-O Ba6
15. b5 Bb7 16. Qc2 Nxc3 17. Nxc3 Ra5 18. h3 Qa8 19. e4 c6 20. bxc6 dxc6 21.
Rxb6 cxd5 22. exd5 Nxd5 23. Rxb7 Qxb7 24. Nxd5 Rxd5 25. Qc4 Rc5 26. Qxc5 Qxg2+
27. Kxg2 Bxc5 1/2-1/2

[Event "Open A Zadar 2016"]
[Site "Zadar"]
[Date "2016.12.12"]
[Round "2.18"]
[White "Skomorokhin, Roman"]
[Black "Piskur, Mitja"]
[Result "1/2-1/2"]
[WhiteElo "2414"]
[BlackElo "2285"]
[PlyCount "136"]
[EventDate "2016.12.11"]
[EventCountry "CRO"]

1. d4 f5 2. Nf3 Nf6 3. c4 e6 4. g3 d5 5. Bg2 c6 6. O-O Bd6 7. Nbd2 Nbd7 8. Qc2
O-O 9. Ne1 Ne4 10. Nd3 Qf6 11. Nf3 a5 12. Bf4 Bxf4 13. Nxf4 Nd6 14. b3 Kh8 15.
Nd3 Nf7 16. Qc3 Qe7 17. a3 Re8 18. Rfd1 b6 19. Rdc1 Ba6 20. e3 Rec8 21. Bf1 Nd6
22. Nde5 Nxe5 23. Nxe5 Bb7 24. c5 Ne4 25. Qb2 b5 26. f3 Ng5 27. Re1 Nf7 28. Nd3
Rf8 29. Bg2 Qf6 30. e4 Rae8 31. exd5 exd5 32. Qc3 Bc8 33. f4 Bd7 34. Rxe8 Rxe8
35. Re1 Rxe1+ 36. Nxe1 Qd8 37. Nd3 Kg8 38. Bf3 Kf8 39. Kf2 Qa8 40. Bd1 Be8 41.
Qe1 Bd7 42. Bh5 g6 43. Bd1 Qd8 44. Bf3 Qf6 45. Qc3 Nd8 46. Ne5 Be8 47. Qxa5 g5
48. fxg5 Qxg5 49. h4 Qf6 50. Bh5 f4 51. Bxe8 fxg3+ 52. Kxg3 Kxe8 53. Qc7 Qf5
54. a4 Ne6 55. Qxc6+ Kf8 56. Qd6+ Kg7 57. Nf3 bxa4 58. bxa4 Qg6+ 59. Kf2 Qc2+
60. Kg3 Qg6+ 61. Kf2 Qc2+ 62. Kg1 Qd1+ 63. Kg2 Qc2+ 64. Kf1 Qd3+ 65. Kf2 Qc2+
66. Kg1 Qd1+ 67. Kg2 Qc2+ 68. Kg3 Qg6+ 1/2-1/2

[Event "Open A Zadar 2016"]
[Site "Zadar"]
[Date "2016.12.12"]
[Round "2.19"]
[White "Matko, Ognjen"]
[Black "Zufic, Miroslav"]
[Result "1/2-1/2"]
[WhiteElo "2311"]
[BlackElo "2411"]
[PlyCount "69"]
[EventDate "2016.12.11"]
[EventCountry "CRO"]

1. d4 d5 2. c4 e6 3. Nc3 Nf6 4. cxd5 exd5 5. Bg5 Be7 6. e3 c6 7. Qc2 Nbd7 8.
Bd3 Nh5 9. Bxe7 Qxe7 10. Nge2 Nhf6 11. O-O O-O 12. a3 Re8 13. Nf4 Nf8 14. b4
Ng6 15. Nxg6 hxg6 16. Rab1 Ng4 17. h3 Nh6 18. Rbe1 Qh4 19. f3 Nf5 20. Qf2 Qxf2+
21. Kxf2 Nd6 22. g4 Be6 23. Rb1 Rec8 24. Rfc1 a5 25. b5 cxb5 26. Nxb5 Nxb5 27.
Bxb5 Kf8 28. Ba4 Rxc1 29. Rxc1 Rc8 30. Rxc8+ Bxc8 31. Bb3 Be6 32. Ba4 Ke7 33.
Ke2 g5 34. Kd2 Kd6 35. Be8 1/2-1/2

[Event "Open A Zadar 2016"]
[Site "Zadar"]
[Date "2016.12.12"]
[Round "2.20"]
[White "Samani, Yamac"]
[Black "Schreiner, Peter"]
[Result "0-1"]
[WhiteElo "2265"]
[BlackElo "2472"]
[PlyCount "58"]
[EventDate "2016.12.11"]
[EventCountry "CRO"]

1. e4 e5 2. Nc3 Nf6 3. g3 d5 4. exd5 Nxd5 5. Bg2 Ne7 6. Nf3 Nbc6 7. O-O g6 8.
a3 Bg7 9. Re1 O-O 10. d3 h6 11. Bd2 Nf5 12. b4 Re8 13. Rb1 Rb8 14. b5 Ncd4 15.
Nxd4 Nxd4 16. f4 h5 17. h3 Nf5 18. Ne4 Be6 19. Kh2 b6 20. Qc1 Bd5 21. fxe5 Bxe5
22. Bf4 Bg7 23. Bg5 Qd7 24. c4 Ba8 25. c5 bxc5 26. Qxc5 Qxd3 27. Rbd1 Qb3 28.
Bf4 Bxe4 29. Bxe4 Rxe4 0-1

[Event "Open A Zadar 2016"]
[Site "Zadar"]
[Date "2016.12.12"]
[Round "2.21"]
[White "Fercec, Nenad"]
[Black "Xiang, Zeyu"]
[Result "1-0"]
[WhiteElo "2461"]
[BlackElo "2310"]
[PlyCount "85"]
[EventDate "2016.12.11"]
[EventCountry "CRO"]

1. e4 e5 2. Nf3 Nf6 3. Nxe5 d6 4. Nf3 Nxe4 5. Nc3 Nxc3 6. dxc3 Be7 7. Be3 Nc6
8. Qd2 Be6 9. O-O-O Qd7 10. Kb1 Bf6 11. Bg5 Bxg5 12. Nxg5 O-O-O 13. Nxe6 fxe6
14. g3 e5 15. Bg2 Rhf8 16. Rhf1 Rf6 17. f4 Rdf8 18. fxe5 Rxf1 19. Rxf1 Rxf1+
20. Bxf1 dxe5 21. Qe1 Nd8 22. Bd3 Qe6 23. b3 g6 24. h4 Qf6 25. Qe3 a6 26. a4
Nf7 27. c4 h6 28. c5 g5 29. Bc4 gxh4 30. gxh4 Nd8 31. h5 Nc6 32. Qe4 Ne7 33.
Qg4+ Kd8 34. Qe4 c6 35. Qd3+ Ke8 36. Qd2 e4 37. Qh2 Qf5 38. Qb8+ Qc8 39. Qe5
Qf5 40. Qb8+ Qc8 41. Qd6 Qg4 42. Be6 Qg1+ 43. Ka2 1-0

[Event "Open A Zadar 2016"]
[Site "Zadar"]
[Date "2016.12.12"]
[Round "2.22"]
[White "Deglman, Ludwig"]
[Black "Livaic, Leon"]
[Result "0-1"]
[WhiteElo "2303"]
[BlackElo "2451"]
[PlyCount "68"]
[EventDate "2016.12.11"]
[EventCountry "CRO"]

1. c4 e6 2. g3 Nf6 3. Nf3 d5 4. Bg2 Be7 5. O-O O-O 6. b3 c5 7. e3 Nc6 8. Bb2 d4
9. exd4 cxd4 10. Re1 Ne8 11. a3 a5 12. d3 f6 13. Nh4 f5 14. Nf3 Bf6 15. Nbd2
Nc7 16. b4 axb4 17. Nb3 bxa3 18. Rxa3 Rb8 19. Na5 Bd7 20. Nxc6 Bxc6 21. Qa1 f4
22. g4 e5 23. g5 Bxg5 24. Rxe5 Bf6 25. Bxd4 Qd7 26. Rc5 Bxf3 27. Bxf6 Bxg2 28.
Rg5 Rxf6 29. Qxf6 Bc6 30. Qxf4 Rf8 31. Qe3 Ne6 32. Rg4 h5 33. Rg6 Nf4 34. Rg3
h4 0-1